Statistics for Machine Learning: Implement Statistical Methods Used in Machine Learning Using Python (Record no. 4410)

000 -LEADER
fixed length control field 00698nam a22002057a 4500
003 - CONTROL NUMBER IDENTIFIER
control field OSt
005 - DATE AND TIME OF LATEST TRANSACTION
control field 20250610104917.0
008 - FIXED-LENGTH DATA ELEMENTS--GENERAL INFORMATION
fixed length control field 250610b |||||||| |||| 00| 0 eng d
020 ## - INTERNATIONAL STANDARD BOOK NUMBER
International Standard Book Number 9789388511971
050 ## - LIBRARY OF CONGRESS CALL NUMBER
Classification number QA276.45.S56 2024
100 ## - MAIN ENTRY--PERSONAL NAME
Personal name Singh, Himanshu
245 ## - TITLE STATEMENT
Title Statistics for Machine Learning: Implement Statistical Methods Used in Machine Learning Using Python
Statement of responsibility, etc Himanshu Singh
260 ## - PUBLICATION, DISTRIBUTION, ETC. (IMPRINT)
Place of publication, distribution, etc India
Name of publisher, distributor, etc BPB Publications
Date of publication, distribution, etc 2024
300 ## - PHYSICAL DESCRIPTION
Extent xii, 262 pages:
Other physical details illustrations;
Dimensions 24 cm
650 ## - SUBJECT ADDED ENTRY--TOPICAL TERM
Topical term or geographic name as entry element Machine learning
650 ## - SUBJECT ADDED ENTRY--TOPICAL TERM
Topical term or geographic name as entry element Python (Computer program language)
650 ## - SUBJECT ADDED ENTRY--TOPICAL TERM
Topical term or geographic name as entry element Statistics—Data processing
650 ## - SUBJECT ADDED ENTRY--TOPICAL TERM
Topical term or geographic name as entry element Artificial intelligence—Statistical methods
942 ## - ADDED ENTRY ELEMENTS (KOHA)
Source of classification or shelving scheme
Koha item type Book
Holdings
Withdrawn status Lost status Source of classification or shelving scheme Damaged status Not for loan Home library Current library Shelving location Date acquired Total Checkouts Full call number Barcode Date last seen Copy number Price effective from Koha item type
          Riara University Library Riara University Library General stack 01/06/2025   QA276.45.S56 2024 10799/25 10/06/2025 C.1 10/06/2025 Book
          Riara University Library Riara University Library General stack 01/06/2025   QA276.45.S56 2024 10795/25 10/06/2025 C.2 10/06/2025 Book

Riara University Library,
P.O. Box 49940-00100,
Nairobi, Kenya.